Biomedical Informatics : Computer Applications in Health Care and Biomedicine /

Enregistré dans:
Détails bibliographiques
Autres auteurs: Shortliffe, Edward H. (Éditeur intellectuel), Cimino, James J. (Éditeur intellectuel)
Format: Livre
Langue:anglais
Publié: London Springer 2014
Édition:4th Ed.
Sujets:
Tags: Ajouter un tag
Pas de tags, Soyez le premier à ajouter un tag!

MARC

LEADER 00000nam a22000003a 4500
001 0010346
003 SK-STU
005 20151216095505.3
007 ta
008 151216s ----xo-----e------000-0-----d
020 |a 978-1-4471-4473-1 
040 |a STU  |b slo 
041 0 |a eng 
044 |a xxk 
100 1 |a Shortliffe, Edward H.  |4 edt 
245 1 0 |a Biomedical Informatics :  |b Computer Applications in Health Care and Biomedicine /  |c ed. Edward H Shortliffe ; ed. James J Cimino 
250 |a 4th Ed. 
260 |a London  |b Springer  |c 2014 
300 |a 965 p. 
650 0 7 |a biomedicína 
650 0 7 |a informatika 
700 1 |a Cimino, James J.  |4 edt 
996 |b 284M086620  |c M*13834-1  |l MMKN  |s A  |a 24  |w 0010346_0001